| LEADER |
00768nam0a2200205 450 |
| 001 |
16839610 |
| 010 |
|
|
|a 978-2-37888-171-9
|b rel.
|d 13,5
|
| 100 |
|
|
|a 20220221d2022 u u0frey01 ba
|
| 101 |
1 |
|
|a fre
|c eng
|
| 102 |
|
|
|a FR
|
| 200 |
0 |
|
|a Oscar et Albert
|f Chris Naylor-Ballesteros
|g [traduit de l'anglais (Royaume-Uni) par Rosalind Elland-Goldsmith]
|
| 207 |
|
1 |
|a
|
| 210 |
|
|
|a Paris
|b 11, rue de Sèvres
|c Ecole des loisirs
|d 2022
|
| 215 |
|
|
|a 1 vol. (non paginé [30] p.)
|c ill. en coul.
|d 28 cm
|
| 225 |
1 |
|
|a kaléidoscope
|
| 700 |
|
0 |
|a Naylor-Ballesteros
|b Chris
|4 70
|
| 702 |
|
0 |
|a Elland-Goldsmith
|b Rosalind
|f 1980 -....
|4 730
|
| 900 |
|
|
|a Album
|
| 901 |
|
|
|a Accessible au prêt
|
| 995 |
|
|
|a Bibliothèque
|c Bibliothèque
|f 024022517
|h 024022517
|k A NAY
|o p
|q j
|r az
|e Bibliothèque
|